| 000 | 01489cam a2200301 a 4500 | ||
|---|---|---|---|
| 001 | 12928218 | ||
| 003 | ARRUPE | ||
| 005 | 20150909151333.0 | ||
| 008 | 020913r20032002vtu b 000 0 eng | ||
| 010 | _a 2002014996 | ||
| 020 | _a1893361802 | ||
| 040 |
_aDLC _cDLC _dDLC |
||
| 050 | 0 | 0 |
_aBL624 _b.C6643 2002 |
| 082 | 0 | 0 |
_a291.4/4 _221 |
| 100 | 1 |
_aCooper, Howard, _d1953- _919688 |
|
| 245 | 1 | 4 |
_aThe alphabet of paradise : _ban A--Z of spirituality for everyday life / _cHoward Cooper. |
| 260 |
_aLondon _bDarton, Longman and Todd _c2002 |
||
| 300 |
_aviii, 213 p. ; _c20 cm. |
||
| 500 | _aOriginally published: Great Britain : Darton, Longman and Todd, 2002. | ||
| 504 | _aIncludes bibliographical references. | ||
| 505 | 0 | _aAwe -- Bodies -- Creativity -- Dreams -- Emotions -- Food -- God -- Humour -- Illness -- Justice -- Kabbalah -- Love -- Money -- Nothingness -- Orifices -- Pleasure -- Quiet -- Relationships -- Sport -- Truth -- Uncertainty -- Vanity -- Work -- Xenophobia -- You -- Zeno's paradox. | |
| 650 | 0 |
_aSpiritual life. _94105 |
|
| 650 | 0 |
_aSpiritual life _xJudaism. _919689 |
|
| 650 | 0 |
_aSelf-actualization (Psychology) _xReligious aspects. _919690 |
|
| 906 |
_a7 _bcbc _corignew _d1 _eecip _f20 _gy-gencatlg |
||
| 942 |
_2lcc _cMONOGRAPH |
||
| 999 |
_c123358 _d123358 |
||